新日本八景・日本二十五勝・日本百景 - Statistics

General Stats
  • This quiz has been taken 65 times
  • The average score is 23 of 133
Answer Stats
分類 名勝 都道府県 % Correct
湖沼 十和田湖 青森県/秋田県
91%
温泉 別府温泉 大分県
85%
湖沼 琵琶湖 滋賀県
79%
瀑布 華厳滝 栃木県
72%
山岳 阿蘇山 熊本県
72%
温泉 箱根温泉 神奈川県
70%
河川 木曽川 愛知県
68%
河川 長良川 岐阜県
68%
河川 利根川 千葉県
64%
湖沼 洞爺湖 北海道
64%
瀑布 那智滝 和歌山県
60%
山岳 立山 富山県
58%
温泉 熱海温泉 静岡県
58%
河川 球磨川 熊本県
51%
湖沼 田沢湖 秋田県
49%
瀑布 袋田滝 茨城県
47%
湖沼 猪苗代湖 福島県
47%
湖沼 宍道湖 島根県
45%
湖沼 霞ヶ浦 茨城県
45%
湖沼 中禅寺湖 栃木県
40%
山岳 筑波山 茨城県
40%
山岳 大山 鳥取県
38%
温泉 芦原温泉 福井県
38%
湖沼 富士五湖 山梨県
36%
温泉 登別温泉 北海道
36%
温泉 嬉野温泉 佐賀県
36%
山岳 鳥海山 秋田県/山形県
34%
温泉 和倉温泉 石川県
34%
海岸 室戸岬 高知県
32%
河川 富士川 静岡県
30%
渓谷 上高地 長野県
28%
山岳 高尾山 東京都
26%
温泉 山中温泉 石川県
26%
山岳 霧島山 宮崎県/鹿児島県
25%
渓谷 猊鼻渓 岩手県
25%
温泉 三朝温泉 鳥取県
25%
平原 秋吉台 山口県
25%
山岳 赤城山 群馬県
23%
渓谷 黒部峡谷 富山県
21%
温泉 塩原温泉 栃木県
21%
温泉 伊東温泉 静岡県
21%
渓谷 長瀞 埼玉県
19%
温泉 花巻温泉 岩手県
19%
湖沼 大沼 北海道
17%
山岳 駒ヶ岳 山梨県/長野県
17%
河川 宇治川 京都府
17%
山岳 妙義山 群馬県
15%
渓谷 耶馬渓 大分県
15%
温泉 片山津温泉 石川県
15%
渓谷 祖谷渓 徳島県
13%
渓谷 大歩危 小歩危 徳島県
13%
渓谷 寒霞渓 香川県
13%
渓谷 天竜峡 長野県
11%
海岸 江の島 神奈川県
11%
山岳 英彦山 福岡県/大分県
11%
渓谷 層雲峡 北海道
11%
瀑布 養老滝 岐阜県
9%
湖沼 加茂湖 新潟県
9%
山岳 大台ヶ原山 奈良県
9%
渓谷 帝釈峡 広島県
9%
平原 狩勝峠 北海道
8%
海岸 屋島 香川県
8%
海岸 鞆の浦 広島県
8%
海岸 鳴門 徳島県
8%
河川 阿賀川 新潟県
8%
河川 保津川 京都府
8%
河川 江川 島根県
8%
渓谷 三段峡 広島県
8%
温泉 東山温泉 福島県
8%
平原 日本平 静岡県
8%
山岳 白馬岳 長野県
6%
海岸 男鹿半島 秋田県
6%
海岸 九十九湾 石川県
6%
湖沼 一碧湖 静岡県
6%
渓谷 面河渓 愛媛県
6%
平原 久住高原 大分県
6%
渓谷 瀞八丁 和歌山県
4%
海岸 石巻海岸 宮城県
4%
海岸 松川浦 福島県
4%
海岸 笹川流 新潟県
4%
海岸 九十九島 長崎県
4%
湖沼 菅沼 群馬県
4%
山岳 霊山 福島県
4%
山岳 朝熊山 三重県
4%
河川 古座川 和歌山県
4%
瀑布 赤目四十八滝 三重県
4%
瀑布 箕面滝 大阪府
4%
山岳 温泉岳(雲仙岳) 長崎県
2%
海岸 若狭高浜 福井県
2%
山岳 木曽御嶽 長野県
2%
渓谷 御岳昇仙峡 山梨県
2%
平原 大和平原 奈良県
2%
平原 日田盆地 大分県
2%
海岸 高田松原 岩手県
2%
海岸 気仙沼湾 宮城県
2%
海岸 新舞子 福島県
2%
海岸 鏡ヶ浦 千葉県
2%
海岸 沼津湾(千本松原静浦) 静岡県
2%
海岸 蒲郡海岸 愛知県
2%
海岸 御浜鬼ヶ城 三重県
2%
海岸 鳥羽湾 三重県
2%
海岸 赤穂御崎 兵庫県
2%
海岸 浦富海岸 鳥取県
2%
海岸 下津井海岸 岡山県
2%
海岸 忠海海岸 広島県
2%
海岸 青海島 山口県
2%
海岸 室積湾 山口県
2%
海岸 唐津松浦潟 佐賀県
2%
海岸 錦江湾 鹿児島県
2%
湖沼 尾瀬沼 群馬県
2%
山岳 清澄山 千葉県
2%
山岳 信貴山 奈良県
2%
山岳 雪彦山 兵庫県
2%
山岳 淡路先山 兵庫県
2%
山岳 千光寺山 広島県
2%
山岳 石槌山 愛媛県
2%
河川 川上川 佐賀県
2%
渓谷 奥多摩渓谷 東京都
2%
渓谷 奥裾花渓谷 長野県
2%
渓谷 恵那峡 岐阜県
2%
渓谷 長門峡 山口県
2%
渓谷 神都高千穂峡 宮崎県
2%
瀑布 木曽田立滝 長野県
2%
瀑布 富士白糸滝 静岡県
2%
瀑布 神庭滝 岡山県
2%
瀑布 王余魚の滝(轟の滝) 徳島県
2%
瀑布 魚住滝 大分県
2%
温泉 青根温泉 宮城県
2%
平原 八ヶ岳平原 山梨県
2%
平原 姥捨 長野県
2%
平原 富士駿州裾野 静岡県
2%
平原 兎和野原 兵庫県
2%
平原 飯田高原 大分県
2%
No matching quizzes found
Score Distribution
Percent of People with Each Score
Percentile by Number Answered
Your Score History
You have not taken this quiz